000 01248nam0a2200325 4500
001 RU\NLR\bibl\1405416
005 20250615205511.0
010 _a978-5-95670-764-7
_92500
021 _aRU
_b2009-47457
_92905
035 _a(NLR Aleph) 001397415
090 _a1200885
_c1200885
100 _a20090827d2009 |||y0rusy50 ca
101 0 _arus
102 _aRU
105 _aa |||||||||
200 1 _aВсе о грибах
_eэта книга вам пригодится!
_fС. Шанина
210 _aРостов-на-Дону
_cВладис
_d2009
215 _a446, [1] с., [8] л. цв. ил.
_cил.
_d25
300 _aНа обороте тит. л. авт.: Шанина Светлана Анатольевна, Гаврилова Анна Сергеевна, Алешина Наталия Алексеевна
606 1 _aГрибы
_9908649
_3RU\NLR\auth\6611758
606 1 _aГрибные блюда
_xРецептура
_92084899
_3RU\NLR\auth\661260997
686 _aП241.98
686 _aЛ992.13
686 _aЕ591.4
700 1 _aШанина
_bС. А.
_gСветлана Анатольевна
_4070
801 0 _aRU
_bNLR
_c20090827
_gRCR
801 1 _aRU
_bNLR
_c20090827
942 _cBOOK
980 _aNB